|
|
|
|
| LEADER |
00000nab a2200000uu 4500 |
| 001 |
vtls011480857 |
| 003 |
SK-MaSNL |
| 005 |
20260303154351.0 |
| 008 |
230222|2004 xo |||||||||||||||||slo| |
| 015 |
|
|
|a SNBRB
|
| 035 |
|
|
|a (urnnbn)urn:nbn:sk:snk:ar-005dcl
|
| 035 |
|
|
|a (uuid)e12307fc-a319-4bfb-939d-5b55d847f3ea
|
| 035 |
|
|
|a urn:nbn:sk:snk-abd8b5
|
| 040 |
|
|
|a SNKBUCL
|b slo
|c SNKBUCL
|e AACR2
|
| 041 |
0 |
|
|a slo
|
| 044 |
|
|
|a xo
|c SK
|
| 100 |
1 |
|
|a Rutecki, P.
|4 aut
|9 1177039
|
| 245 |
1 |
0 |
|a THE INFLUENCE OF MAGNESIUM ON MECHANICAL PROPERTIES OF 5251 ALUMINIUM ALLOY COLD-ROLLED STRIPS
|c S. Turczyn, P. Rutecki
|
| 246 |
3 |
|
|a VPLYV HORČÍKA NA MECHANICKÉ VLASTNOSTI ZA STUDENA VALCOVANÉHO PÁSU Z HLINÍKOVEJ ZLIATINY 5251
|
| 700 |
1 |
|
|a Turczyn, S.
|4 aut
|9 1177040
|
| 773 |
0 |
|
|t Acta Metallurgica Slovaca : časopis Hutníckej fakulty Technickej univerzity Košice
|g Roč. 10, č. 4 (2004), s. 263-270
|
| 954 |
|
|
|a odborná, vedecká literatúra pôvodná (slovenská)
|2 lita
|
| 958 |
|
|
|a OND
|
| 958 |
|
|
|a EUIPO
|
| 958 |
|
|
|a article18
|
| 999 |
|
|
|c 2033751
|d 2035681
|